| 000 | 00789nam a22002177a 4500 | ||
|---|---|---|---|
| 999 |
_c19822 _d19822 |
||
| 003 | AR-CdUCM | ||
| 008 | 190321b ||||| |||| 00| 0 spa d | ||
| 020 | _a978-9972-38-336-6 | ||
| 040 |
_aMUNICIPALIDAD PROVINCIAL DEL CUSCO _cBIBLIOTECA MUNICIPAL DEL CUSCO |
||
| 082 |
_a500 / _bA88 |
||
| 100 |
_aAucallanchi Velásquez, Félix _921551 |
||
| 245 | _aFísica / | ||
| 260 |
_aLima : _bRasco, _c2012. |
||
| 300 |
_a912 páginas ; _bIlustraciones, _c22 cm. |
||
| 440 |
_aProblemas de física _941452 |
||
| 505 | _aAnálisis dimensional -- Análisis vectorial -- Movimiento rectilíneo --Caída libre vertical -- Gráficos del movimiento referido al tiempo ... | ||
| 650 |
_aFísica _92382 |
||
| 650 |
_aProblemas y ejercicios _919781 |
||
| 942 |
_2ddc _cLIBROS |
||
| 945 |
_aAndy _d2019-05-22 |
||